Catálogo
 En Linea

The tale of the Heike = (Registro nro. 1360)

Detalles MARC
000 -CABECERA
campo de control de longitud fija 00776cam a2200241 i 4500
001 - NÚMERO DE CONTROL
campo de control 000001448
003 - IDENTIFICADOR DEL NÚMERO DE CONTROL
campo de control DO-SdBNP
005 - FECHA Y HORA DE LA ÚLTIMA TRANSACCIÓN
campo de control 20250702095208.0
008 - DATOS DE LONGITUD FIJA--INFORMACIÓN GENERAL
campo de control de longitud fija 751007s1975 ja a b 001 1 eng
020 ## - NÚMERO INTERNACIONAL ESTÁNDAR DEL LIBRO
Número Internacional Estándar del Libro 0860081281 :
040 ## - FUENTE DE LA CATALOGACIÓN
Centro catalogador/agencia de origen DO-SdBNP
Lengua de catalogación spa
Centro/agencia transcriptor BNPHU
041 17 - CÓDIGO DE LENGUA
Código de lengua del texto/banda sonora o título independiente eng
Fuente del código jpn
082 ## - NÚMERO DE LA CLASIFICACIÓN DECIMAL DEWEY
Número de documento/Ítem T143h
130 0# - ENTRADA PRINCIPAL--TÍTULO UNIFORME
Título uniforme Heike monogatari. English.
9 (RLIN) 4806
245 14 - MENCIÓN DE TÍTULO
Título The tale of the Heike =
Resto del título Heike monogatari /
Mención de responsabilidad, etc. translated by Hiroshi Kitagawa, Bruce T. Tsuchida ; with a foreword by Edward Seidensticker.
260 ## - PUBLICACIÓN, DISTRIBUCIÓN, ETC.
Lugar de publicación, distribución, etc. [Tokyo] :
Nombre del editor, distribuidor, etc. University of Tokyo Press,
Fecha de publicación, distribución, etc. c1975.
300 ## - DESCRIPCIÓN FÍSICA
Extensión xli, 807 p. :
Otras características físicas il. ;
Dimensiones 23 cm.
500 ## - NOTA GENERAL
Nota general Incluye índice.
504 ## - NOTA DE BIBLIOGRAFÍA, ETC.
Nota de bibliografía, etc. Bibliografía: p. 795-796.
590 ## - NOTA LOCAL (RLIN)
Nota local In English.
600 30 - PUNTO DE ACCESO ADICIONAL DE MATERIA--NOMBRE DE PERSONA
Nombre de persona Taira family
Subdivisión general Fiction.
9 (RLIN) 4807
942 ## - ELEMENTOS DE PUNTO DE ACCESO ADICIONAL (KOHA)
Fuente del sistema de clasificación o colocación Dewey Decimal Classification
Tipo de ítem Koha Libro
Existencias
Estado de retiro Estado de pérdida Restricciones de uso No para préstamo Código de colección Localización permanente Ubicación/localización actual Ubicación en estantería Fecha de adquisición Número de inventario Total de préstamos Signatura topográfica completa Código de barras Fecha visto por última vez Precio válido a partir de Tipo de ítem Koha
    Préstamo interno   Monografías: Libros y Folletos General General Depósito 22.09.2009 LF1   T143h 1448-10 25.06.2020 25.06.2020 Préstamo interno

Con tecnología Koha